Score 0/30 Timer 04:00
5 Plays Today
Question Answer Wrong Answers
Daughters of Barack and Michelle Obama 2
86.9%
1
2.5%
3
2.5%
4
0.5%
Syllables in 'operation' 4
85.9%
1
1%
2
1.8%
3
3.8%
Stingers on a bee 1
85.9%
2
4.5%
3
1.1%
4
1%
Flavors in Neapolitan ice cream 3
85.6%
1
1.5%
2
3.1%
4
2%
Patties on a Big Mac 2
83.5%
1
4.3%
3
3.7%
4
0.9%
Stripes on the flag of Germany 3
81.8%
1
2%
2
6.1%
4
2.5%
Goals in a hat trick 3
81.7%
1
4.4%
2
4.7%
4
1.3%
Houses in Hogwarts 4
79.6%
1
1.6%
2
4%
3
7.2%
Queens in a chess game 2
73.2%
1
16.2%
3
0.9%
4
2%
Actors who played Darrin Stephens on Bewitched 2
70.8%
1
8.2%
3
10.6%
4
2.3%
Attempts allowed to make a first down in American football 4
65.1%
1
8.6%
2
9.9%
3
8.4%
Strokes above par when scoring a bogey on a golf hole 1
61.2%
2
20.6%
3
7.5%
4
2.9%
Marriages of Donald Trump 3
60.4%
1
1.7%
2
16.7%
4
13.7%
X's in the Dos Equis logo 2
56.4%
1
7.5%
3
25.2%
4
3%
Male siblings of Bobby Brady on The Brady Bunch 2
55.6%
1
4.2%
3
25.4%
4
7%
Band members in the White Stripes 2
53.8%
1
1.5%
3
18.4%
4
18.2%
US presidents who've been assassinated 4
49.1%
1
2%
2
15.1%
3
26.1%
Licks to get to the Tootsie Roll center of a Tootsie Pop, per Mr. Owl 3
49.1%
1
11.7%
2
12%
4
19.4%
Term length in years of US House of Representative members 2
46.2%
1
1.2%
3
4.9%
4
40%
Points for scoring a ringer in horseshoes 3
45.4%
1
7.5%
2
19%
4
20%
Pints in a quart 2
41.9%
1
1.9%
3
4.4%
4
44.4%
Novels written by Margaret Mitchell 1
38.7%
2
22%
3
17%
4
14.1%
PGA golf majors played outside the US 1
38.5%
2
23.1%
3
20.2%
4
10.1%
Books of the Old Testament that begin with the letter R 1
37%
2
31.5%
3
17.6%
4
6.2%
Humps on a dromedary camel 1
35.8%
2
52.5%
3
3.6%
4
0.5%
Chances to get a volleyball serve in play 1
35.3%
2
43.2%
3
11.9%
4
1.9%
Goals scored by France in the 2018 FIFA World Cup Final 4
31.6%
1
14.9%
2
23.6%
3
22%
NFL teams in California 3
29.1%
1
4.1%
2
20.4%
4
38.7%
Academy Award Best Actress wins for Katharine Hepburn 4
28.7%
1
17.2%
2
26.3%
3
20%
M tiles in Scrabble 2
20.8%
1
2.7%
3
34.2%
4
34.5%
Remove Ads.
Support Sporcle.
Get the best of Sporcle when you Go Orange. This ad-free experience offers more features, more stats, and more fun while also helping to support Sporcle. Thank you for becoming a member.

You're not logged in!

Compare scores with friends on all Sporcle quizzes.
OR
Log In

Show Comments

Extras

Top Quizzes Today


Score Distribution

Your Account Isn't Verified!

In order to create a playlist on Sporcle, you need to verify the email address you used during registration. Go to your Sporcle Settings to finish the process.

Report this User

Report this user for behavior that violates our Community Guidelines.

Details: